书目信息 |
| 题名: |
语言的未来
|
|
| 作者: | 拉孔布 著 ;维斯梅耶 , 梁爽 著 | |
| 分册: | ||
| 出版信息: | 南京 译林出版社 2012 |
|
| 页数: | 10,138页 | |
| 开本: | 23cm | |
| 丛书名: | 凤凰文库 | |
| 单 册: | ||
| 中图分类: | H0-09 | |
| 科图分类: | ||
| 主题词: | 语言学史 | |
| 电子资源: | ||
| ISBN: | 978-7-5447-2699-3 | |
| 000 | 01403oam2 2200313 45 | |
| 001 | 1360080452 | |
| 005 | 20130530092739.48 | |
| 010 | @a978-7-5447-2699-3@dCNY28.00 | |
| 100 | @a20130513d2012 em y0chiy50 ea | |
| 101 | 1 | @achi@cfre |
| 102 | @aCN@b320000 | |
| 105 | @ay z 000yy | |
| 106 | @ar | |
| 200 | 1 | @a语言的未来@AYu Yan De Wei Lai@e对古典研习的再思考@EDui Gu Dian Yan Xi De Zai Si Kao@f(法)皮埃尔·朱代·德·拉孔布(Pierre Judet de La Combe),(法)海因茨·维斯曼(Heinz Wismann)著@F( Fa ) Pi Ai Er· Zhu Dai· De· La Kong Bu (Pierre Judet de La Combe),( Fa ) Hai Yin Ci· Wei Si Man (Heinz Wismann) Zhu@g梁爽译 |
| 210 | @a南京@c译林出版社@d2012 | |
| 215 | @a10,138页@d23cm | |
| 225 | 2 | @a凤凰文库@i人文与社会系列 |
| 312 | @a封面法文题名:L'avenir des langues: repenser les humanités | |
| 330 | @a本书以建立“欧洲共修课程”为目标,旨在通过对文化语言的讨论来定义一项教育计划,为政治行为提供依据。 | |
| 461 | 0 | @12001 @a凤凰文库 |
| 510 | 1 | @aL'avenir des langues@erepenser les humanités@zfre |
| 517 | 1 | @a对古典研习的再思考@ADui Gu Dian Yan Xi De Zai Si Kao |
| 606 | 0 | @a语言学史 |
| 690 | @aH0-09@v5 | |
| 701 | 0 | @c(法)@a拉孔布@ALa Kong Bu@c(La Combe, Pierre Judet de)@4著 |
| 702 | 0 | @c(瑞士)@a维斯梅耶@AWei Si Mei Ye@c(Wismeijer, Daniel)@4著 |
| 702 | 0 | @a梁爽@ALiang Shuang@c(翻译)@4译 |
| 801 | @aCN@bTANGWEI@c20130522 | |
| 905 | @b0833872-75@dH0-09@e204@f4 | |
| 语言的未来:对古典研习的再思考/(法)皮埃尔·朱代·德·拉孔布(Pierre Judet de La Combe),(法)海因茨·维斯曼(Heinz Wismann)著/梁爽译.-南京:译林出版社,2012 |
| 10,138页;23cm.-(凤凰文库.人文与社会系列) |
| ISBN 978-7-5447-2699-3:CNY28.00 |
| 本书以建立“欧洲共修课程”为目标,旨在通过对文化语言的讨论来定义一项教育计划,为政治行为提供依据。 |
| ● |
| 相关链接 |
|
|
|
|
正题名:语言的未来
索取号:H0-09/204
 
预约/预借
| 序号 | 登录号 | 条形码 | 馆藏地/架位号 | 状态 | 备注 |
| 1 | 0833872 | 208338725 | 第二样本阅览室/ [索取号:H0-09/204] | 在馆 | |
| 2 | 0833873 | 208338734 | 密集书库-文学院/ [索取号:H0-09/204] | 在馆 | |
| 3 | 0833874 | 208338743 | 第四借阅区/ [索取号:H0-09/204] | 在馆 | |
| 4 | 0833875 | 208338752 | 第四借阅区/ [索取号:H0-09/204] | 在馆 |